000 01124nam a2200289 u 4500
001 000002262
003 DO-SdBNP
005 20250307122818.0
008 090701s1990 dr a 001 0 spa d
040 _aDO-SdBNP
_bspa
_cBNPHU
082 _a332.31
_bA657f
100 1 _aAquino Aquino, Ramón Emilio
_97209
245 1 3 _aEl financiamiento agropecuario y el Banco Agrícola /
_cRamón Emilio Aquino Aquino.
260 _aSanto Domingo :
_bCEMYB,
_c1990.
300 _a111 p. :
_bil. ;
_c22 cm.
490 1 _aEstudios
500 _aIncluye índices
610 2 0 _aBanco Agrícola de la República Dominicana
_97210
650 4 _aMercado financiero
_zRepública Dominicana
_97211
650 4 _aAgricultura
_xAspectos económicos
_zRepública Dominicana
_91508
650 4 _aCooperativas agricolas de crédito
_zRepública Dominicana
_97212
650 4 _aCrédito agrícola
_zRepública Dominicana
_927394
710 _aCentro de Estudios Monetarios y Bancarios (República Dominicana)
_bCentro de Estudios Monetarios y Bancarios
_96296
830 0 _aEstudios
_93854
910 _aJornada de catalogación
942 _2ddc
_cLBS1
999 _c2108
_d2108